[Event "Moscow-Open 2021_A"]
[Site "Moscow"]
[Date "2021.02.21"]
[Round "2.65"]
[White "Zhugin, Nikolay"]
[Black "Bachaliashvili, Eduard"]
[Result "1/2-1/2"]
[WhiteElo "1646"]
[BlackElo "1949"]
[PlyCount "122"]
[EventDate "2021.02.20"]

1. e4 e6 2. d4 d5 3. Nc3 Bb4 4. e5 Ne7 5. a3 Bxc3+ 6. bxc3 c5 7. Qg4 cxd4 8.
cxd4 Qc7 9. Bd2 Nbc6 10. Bd3 Nxe5 11. Bb5+ Bd7 12. Qe2 Nc4 13. Bxc4 Qxc4 14.
Qxc4 dxc4 15. Rb1 b5 16. Ne2 Nd5 17. Nc3 Nxc3 18. Bxc3 O-O 19. f4 Bc6 20. O-O
Rad8 21. f5 exf5 22. Rxf5 a6 23. Re1 Rfe8 24. Rfe5 f6 25. Re6 Rxe6 26. Rxe6 Rc8
27. Bb4 Kf7 28. Rd6 Be4 29. c3 Ra8 30. Rd7+ Kg6 31. Ba5 Re8 32. Kf2 Bd3 33. Rd8
Re2+ 34. Kf3 Ra2 35. Bb4 f5 36. d5 Be4+ 37. Ke3 Rxg2 38. d6 Rxh2 39. Rc8 Rh3+
40. Kf4 Rd3 41. Bc5 Rd5 42. Rc7 Kf6 43. Bd4+ Ke6 44. Rxg7 Rxd6 45. Rxh7 Kd5 46.
Rb7 Rg6 47. Rd7+ Ke6 48. Ra7 Rg4+ 49. Ke3 Rg3+ 50. Kf4 Rg4+ 51. Ke3 Kd5 52.
Rd7+ Ke6 53. Ra7 Rh4 54. Rxa6+ Kd5 55. Rb6 f4+ 56. Ke2 Rh2+ 57. Bf2 Bh1 58. Rb8
Ke6 59. Rf8 f3+ 60. Ke3 Rh6 61. Rf4 Bg2 1/2-1/2

[Event "Moscow-Open 2021_A"]
[Site "Moscow"]
[Date "2021.02.21"]
[Round "2.66"]
[White "Rudakov, Sergey S"]
[Black "Shakhov, Dmitriy"]
[Result "1-0"]
[WhiteElo "1926"]
[BlackElo "1738"]
[PlyCount "87"]
[EventDate "2021.02.20"]

1. Nf3 Nf6 2. b3 d5 3. Bb2 Bf5 4. e3 e6 5. Ne5 h6 6. Be2 Nbd7 7. Nxd7 Qxd7 8.
d3 Bb4+ 9. Nd2 O-O-O 10. a3 Be7 11. b4 Kb8 12. Nb3 Rc8 13. d4 g5 14. Nc5 Qd6
15. Bd3 h5 16. Bxf5 exf5 17. Qd3 f4 18. exf4 Qxf4 19. g3 Qd6 20. O-O-O b6 21.
Na6+ Kb7 22. b5 Ne4 23. Rhf1 Qd7 24. a4 Nd6 25. Nc5+ bxc5 26. dxc5 Nxb5 27.
axb5 Bxc5 28. Bxh8 Rxh8 29. Qxd5+ Qxd5 30. Rxd5 Ba3+ 31. Kd2 f6 32. Rf5 Be7 33.
Re1 Bd8 34. Re6 h4 35. g4 h3 36. Rf3 Kc8 37. Rd3 Rf8 38. Rd5 Rh8 39. f3 Kb8 40.
Kc3 c6 41. bxc6 Bc7 42. Rd2 Bf4 43. Rde2 Kc7 44. Rxf6 1-0

[Event "Moscow-Open 2021_A"]
[Site "Moscow"]
[Date "2021.02.21"]
[Round "2.67"]
[White "Lebedev, Artem S."]
[Black "Nikolaev, Matvei"]
[Result "0-1"]
[WhiteElo "1623"]
[BlackElo "1925"]
[PlyCount "80"]
[EventDate "2021.02.20"]

1. e4 c5 2. Nf3 d6 3. d4 cxd4 4. Nxd4 Nf6 5. Nc3 a6 6. Be3 Nc6 7. Qd2 Qc7 8.
O-O-O b5 9. Nxc6 Qxc6 10. f3 Bb7 11. Kb1 e6 12. g4 Be7 13. Bg2 Rc8 14. Rhg1 O-O
15. g5 Nd7 16. f4 b4 17. Ne2 Nc5 18. e5 d5 19. Nd4 Qc7 20. f5 exf5 21. Nxf5
Qxe5 22. Rgf1 Qc7 23. Bd4 Ne6 24. h4 Bc5 25. Bxc5 Qxc5 26. h5 Rc7 27. Rde1 Rfc8
28. g6 hxg6 29. hxg6 fxg6 30. Nh6+ gxh6 31. Rxe6 Qxc2+ 32. Qxc2 Rxc2 33. Rxg6+
Kh7 34. Rg4 R8c7 35. Rg1 a5 36. Bf3 Rf2 37. Bd1 Bc8 38. R4g3 Bf5+ 39. Bc2 Rfxc2
40. a3 b3 0-1

[Event "Moscow-Open 2021_A"]
[Site "Moscow"]
[Date "2021.02.21"]
[Round "2.68"]
[White "Lauda, Alexandr"]
[Black "Korovko, Iakov"]
[Result "1-0"]
[WhiteElo "1923"]
[BlackElo "1606"]
[PlyCount "65"]
[EventDate "2021.02.20"]

1. d4 Nf6 2. c4 c5 3. Nf3 cxd4 4. Nxd4 b6 5. Nc3 Bb7 6. Bg5 Ne4 7. Nxe4 Bxe4 8.
f3 h6 9. Bh4 Bb7 10. e4 Nc6 11. Nb5 Qc8 12. Be2 a6 13. Nc3 e6 14. O-O Bc5+ 15.
Kh1 O-O 16. a3 Bd4 17. Rc1 Be3 18. Rb1 f5 19. exf5 Rxf5 20. Ne4 Rh5 21. Bg3 Nd4
22. Nd6 Nf5 23. Nxf5 Rxf5 24. Bd3 Rf7 25. Bg6 Rf6 26. Qd3 Qc5 27. Rbe1 Kh8 28.
Rxe3 Rxg6 29. Re5 Rf6 30. Rxc5 bxc5 31. Be5 Rf5 32. Qxd7 Rxe5 33. Qxb7 1-0

[Event "Moscow-Open 2021_A"]
[Site "Moscow"]
[Date "2021.02.21"]
[Round "2.69"]
[White "Kleimenov, Nikolay"]
[Black "Kalambetov, Anton"]
[Result "0-1"]
[WhiteElo "1600"]
[BlackElo "1916"]
[PlyCount "92"]
[EventDate "2021.02.20"]

1. e4 g6 2. d4 Bg7 3. Nc3 a6 4. Bf4 d6 5. Qd2 Nd7 6. Nf3 b5 7. O-O-O Bb7 8. a3
c5 9. d5 Ngf6 10. Re1 Ng4 11. Bg3 Qa5 12. h3 Nge5 13. Nxe5 dxe5 14. f3 b4 15.
Nd1 Qa4 16. b3 Qxa3+ 17. Kb1 Nb6 18. Bf2 Nxd5 19. Qc1 Qxc1+ 20. Kxc1 Nc7 21.
Bxc5 a5 22. Bb6 Ne6 23. Bb5+ Kf8 24. Ne3 Nd4 25. Bd7 Bh6 26. Kb2 Bxe3 27. Rxe3
Ra6 28. Bc7 f6 29. Ra1 Bc6 30. Bxc6 Rxc6 31. c3 bxc3+ 32. Rxc3 Rxc3 33. Kxc3
Nb5+ 34. Kc4 Nxc7 35. Rxa5 Kf7 36. b4 Ne6 37. b5 Rc8+ 38. Kb4 Nd4 39. Ra6 Ke8
40. b6 Kd7 41. Ra7+ Kd6 42. Ka4 Rc4+ 43. Ka3 Nb5+ 44. Kb3 Nxa7 45. Kxc4 Nc6 46.
b7 Na5+ 0-1

[Event "Moscow-Open 2021_A"]
[Site "Moscow"]
[Date "2021.02.21"]
[Round "2.70"]
[White "Gaer, Igor"]
[Black "Pereverzev, Timofei"]
[Result "1-0"]
[WhiteElo "1916"]
[BlackElo "1506"]
[PlyCount "75"]
[EventDate "2021.02.20"]

1. d4 d5 2. Nf3 Nf6 3. Bf4 c5 4. e3 Bf5 5. c3 Nc6 6. Bd3 Bxd3 7. Qxd3 Qb6 8. b3
Rc8 9. Nbd2 e6 10. O-O Be7 11. h3 h6 12. Ne5 Nh5 13. Bh2 Nxe5 14. dxe5 g5 15.
e4 c4 16. bxc4 dxc4 17. Nxc4 Qa6 18. Nd6+ Bxd6 19. Qxa6 bxa6 20. exd6 Kd7 21.
Rab1 Rb8 22. Rb3 Rxb3 23. axb3 Rb8 24. b4 Nf4 25. Bxf4 gxf4 26. Ra1 Rb6 27. e5
f6 28. c4 fxe5 29. c5 Rc6 30. f3 Kc8 31. Kf2 Kb7 32. Ke2 e4 33. fxe4 Rc8 34. e5
Rc6 35. Kd3 h5 36. Kd4 Rc8 37. c6+ Kb6 38. d7 1-0

[Event "Moscow-Open 2021_A"]
[Site "Moscow"]
[Date "2021.02.21"]
[Round "2.71"]
[White "Silenko, Alexey"]
[Black "Galkin, Leonid"]
[Result "0-1"]
[WhiteElo "1561"]
[BlackElo "1914"]
[PlyCount "50"]
[EventDate "2021.02.20"]

1. e4 c5 2. Nf3 e6 3. d4 cxd4 4. Nxd4 Nf6 5. Nc3 Nc6 6. Nxc6 bxc6 7. Be3 d5 8.
e5 Nd7 9. f4 Qa5 10. Qd2 Rb8 11. Qc1 Ba3 12. bxa3 Qxc3+ 13. Bd2 Qd4 14. Bd3 Nc5
15. Be2 Ne4 16. Be3 Qc3+ 17. Kf1 O-O 18. Bd3 f6 19. Bxe4 dxe4 20. exf6 Rxf6 21.
Kf2 Rb2 22. Kg1 Rxc2 23. Qe1 Qb2 24. Rb1 Rxg2+ 25. Kf1 Ba6+ 0-1

[Event "Moscow-Open 2021_A"]
[Site "Moscow"]
[Date "2021.02.21"]
[Round "2.72"]
[White "Lunin, Aleksey"]
[Black "Ponomarev, Andrey A."]
[Result "1-0"]
[WhiteElo "1513"]
[BlackElo "1893"]
[PlyCount "85"]
[EventDate "2021.02.20"]

1. e4 e6 2. d4 d5 3. Bd3 dxe4 4. Bxe4 Nf6 5. Bf3 c5 6. Ne2 Nc6 7. Be3 Nd5 8.
Bxd5 Qxd5 9. Nbc3 Qd7 10. dxc5 Ne5 11. Qd4 Qxd4 12. Bxd4 Nc6 13. Nb5 Nxd4 14.
Nexd4 Kd7 15. b4 e5 16. Nb3 Kc6 17. a4 b6 18. O-O-O Be6 19. Nd6 Rd8 20. Nb5 Ra8
21. Nd6 Rd8 22. Nb5 Rxd1+ 23. Rxd1 a6 24. Nd6 bxc5 25. bxc5 Be7 26. Kb2 Rd8 27.
c4 f5 28. f3 Rb8 29. Kc3 Bf6 30. Na5+ Kc7 31. Nb3 g6 32. Re1 Bd7 33. Ra1 e4+
34. Nd4 e3 35. Re1 f4 36. g3 g5 37. Ne4 Be5 38. Nxg5 Bxa4 39. Kd3 fxg3 40. hxg3
Bxg3 41. Rxe3 Bc6 42. f4 Bf2 43. Rh3 1-0

[Event "Moscow-Open 2021_A"]
[Site "Moscow"]
[Date "2021.02.21"]
[Round "2.73"]
[White "Gornostaev, Yakov"]
[Black "Davidyan, Vladimir"]
[Result "1-0"]
[WhiteElo "1888"]
[BlackElo "1427"]
[PlyCount "93"]
[EventDate "2021.02.20"]

1. d4 d5 2. Bf4 Nf6 3. Nf3 c5 4. c3 Nc6 5. e3 Qb6 6. Qb3 c4 7. Qxb6 axb6 8. Be2
Bf5 9. Nbd2 e6 10. O-O Be7 11. Ne5 O-O 12. h3 h6 13. g4 Bh7 14. Bg3 Nxe5 15.
dxe5 Nd7 16. f4 b5 17. Bf3 b4 18. e4 dxe4 19. Bxe4 bxc3 20. bxc3 Ra3 21. Rf3 b5
22. Bc6 Bc5+ 23. Kh2 Nb6 24. Bxb5 Be3 25. Bf2 Bxf2 26. Rxf2 Rfa8 27. Nb1 Bxb1
28. Rxb1 Rxa2 29. Rbb2 Rxb2 30. Rxb2 Ra3 31. Bc6 Nd5 32. Bxd5 exd5 33. Rc2 Kf8
34. Kg2 Ke7 35. Kf2 Ke6 36. Ke3 f6 37. exf6 gxf6 38. Kd4 Kd6 39. Rb2 Kc6 40.
Re2 Ra1 41. Re6+ Kb5 42. Kxd5 Rd1+ 43. Ke4 Re1+ 44. Kf5 Rxe6 45. Kxe6 Ka4 46.
Kd5 Kb3 47. Kd4 1-0

[Event "Moscow-Open 2021_A"]
[Site "Moscow"]
[Date "2021.02.21"]
[Round "2.74"]
[White "Makarenko, Kirill"]
[Black "Akhmedov, David"]
[Result "1/2-1/2"]
[WhiteElo "1507"]
[BlackElo "1866"]
[PlyCount "114"]
[EventDate "2021.02.20"]

1. d4 d5 2. c4 dxc4 3. Nc3 Nf6 4. e3 e6 5. Bxc4 c5 6. d5 exd5 7. Nxd5 Nc6 8.
Nf3 Bg4 9. h3 Bh5 10. O-O Bd6 11. Nc3 O-O 12. Be2 Qe7 13. Nd2 Bxe2 14. Qxe2
Rad8 15. Nc4 Bb8 16. a4 Rfe8 17. b3 Nd4 18. Qa2 Qc7 19. f4 Nc6 20. Ba3 b6 21.
Rad1 a6 22. Qf2 Qb7 23. Nd2 Rd3 24. Bb2 Rdxe3 25. Nc4 R3e7 26. Rfe1 Nd4 27.
Rxe7 Rxe7 28. b4 h6 29. bxc5 bxc5 30. Ba3 Ba7 31. Rb1 Qc8 32. Re1 Rxe1+ 33.
Qxe1 Nc2 34. Qc1 Nxa3 35. Qxa3 Qf5 36. Qc1 Bb8 37. Ne2 Qd3 38. Qb2 Bc7 39. Ne5
Qe3+ 40. Kh2 Nd5 41. Qb7 Bxe5 42. Qxd5 Bc7 43. Qa8+ Kh7 44. Qxa6 Bxf4+ 45. Nxf4
Qxf4+ 46. Kh1 c4 47. a5 c3 48. Qd3+ g6 49. Qxc3 Qf1+ 50. Kh2 Qa6 51. Qb4 Qe6
52. Qb8 h5 53. Qc7 Kg7 54. Qc3+ Kh7 55. Qa1 Qa6 56. Qa3 Kg8 57. Qb4 Qe6 1/2-1/2

[Event "Moscow-Open 2021_A"]
[Site "Moscow"]
[Date "2021.02.21"]
[Round "2.75"]
[White "Pranizin, Evgeny"]
[Black "Maimin, Leonid"]
[Result "0-1"]
[WhiteElo "1850"]
[BlackElo "1415"]
[PlyCount "82"]
[EventDate "2021.02.20"]

1. e4 c5 2. Nc3 d6 3. g3 g6 4. Bg2 Bg7 5. Nge2 e5 6. O-O Ne7 7. f4 Nbc6 8. d3
O-O 9. Be3 f5 10. Qd2 Rb8 11. Rae1 Be6 12. b3 Qd7 13. Nd5 Bxd5 14. exd5 Nd4 15.
c4 b6 16. Kh1 Rbe8 17. fxe5 dxe5 18. Nxd4 cxd4 19. Bg5 Nc8 20. b4 Nd6 21. c5
Nb5 22. d6 Nc3 23. Be7 Rf7 24. c6 Qe6 25. d7 Rfxe7 26. dxe8=Q+ Rxe8 27. Qb2 e4
28. g4 Qc8 29. gxf5 gxf5 30. b5 e3 31. Qb3+ Kh8 32. Qf7 Nxb5 33. Rxf5 Nd6 34.
Qd5 Nxf5 35. Bh3 Ne7 36. Qf3 Qxc6 37. Qxc6 Nxc6 38. Bd7 Rf8 39. Bxc6 Rf2 40.
Bd5 Be5 41. Rc1 Rd2 0-1

[Event "Moscow-Open 2021_A"]
[Site "Moscow"]
[Date "2021.02.21"]
[Round "2.76"]
[White "Yurasov, Matfey"]
[Black "Korshunov, Sergey And."]
[Result "0-1"]
[WhiteElo "1402"]
[BlackElo "1847"]
[PlyCount "49"]
[EventDate "2021.02.20"]

1. d4 Nf6 2. Nf3 g6 3. Nc3 d5 4. Bf4 Bg7 5. e3 O-O 6. Be2 b6 7. h4 Ba6 8. Ne5
e6 9. g4 c5 10. h5 Bxe2 11. Qxe2 Nfd7 12. hxg6 fxg6 13. g5 cxd4 14. Nxd7 Nxd7
15. Nb5 e5 16. Bg3 a6 17. Na3 Qxg5 18. exd4 Rae8 19. Qxa6 exd4+ 20. Kd1 Bh6 21.
Rxh6 Qxh6 22. Qf1 Qh5+ 23. Kd2 Qg5+ 24. Kd3 Re3+ 25. Kxd4 0-1

[Event "Moscow-Open 2021_A"]
[Site "Moscow"]
[Date "2021.02.21"]
[Round "2.77"]
[White "Minakov, Artemij"]
[Black "Korelskiy, Egor"]
[Result "1/2-1/2"]
[WhiteElo "1837"]
[BlackElo "1371"]
[PlyCount "92"]
[EventDate "2021.02.20"]

1. d4 d5 2. Nf3 e6 3. c4 c6 4. e3 f5 5. Bd3 Nf6 6. O-O Bd6 7. b3 Qe7 8. Bb2 O-O
9. Ne5 Nbd7 10. Nd2 Rd8 11. cxd5 exd5 12. f4 Ne4 13. Rc1 Ndf6 14. Rc2 Be6 15.
Qe2 Rac8 16. Rfc1 Rc7 17. Ndf3 Rdc8 18. g3 c5 19. dxc5 Rxc5 20. Bd4 Rxc2 21.
Rxc2 Nc5 22. Qd1 b6 23. Qc1 Rc7 24. Be2 a5 25. Qb2 Bc8 26. Bb5 Bb7 27. a3 Nfe4
28. b4 axb4 29. axb4 Ne6 30. Nc6 Qe8 31. Qc1 Nxd4 32. Ncxd4 Rxc2 33. Qxc2 Qf7
34. Ne5 Bxe5 35. fxe5 Qe7 36. Bc6 Bxc6 37. Nxc6 Qg5 38. Qd3 Kh8 39. e6 Qf6 40.
Nd4 Qe5 41. Qa6 h6 42. Qc8+ Kh7 43. e7 Nd6 44. Qe6 Qxe6 45. Nxe6 Kg6 46. Nf4+
Kf7 1/2-1/2

[Event "Moscow-Open 2021_A"]
[Site "Moscow"]
[Date "2021.02.21"]
[Round "2.78"]
[White "Fedosov, Alexander"]
[Black "Vershinin, Igor"]
[Result "1-0"]
[WhiteElo "1369"]
[BlackElo "1835"]
[PlyCount "143"]
[EventDate "2021.02.20"]

1. Nf3 g6 2. g3 Bg7 3. d4 Nf6 4. Bg2 O-O 5. O-O d6 6. c4 c6 7. Nc3 Nbd7 8. b3
Qc7 9. Bb2 e5 10. Qd2 a6 11. Rac1 Re8 12. e3 Nf8 13. Rfd1 e4 14. Ne1 Bg4 15.
Ne2 Qd7 16. d5 c5 17. Qc2 g5 18. Rd2 Bf5 19. a3 Ng6 20. b4 b6 21. Nc3 Rab8 22.
Qa4 Qxa4 23. Nxa4 Bd7 24. Bxf6 Bxf6 25. Nc3 Bxc3 26. Rxc3 f5 27. f3 Kg7 28. f4
gxf4 29. exf4 Ba4 30. Bh3 Kf6 31. Ng2 Rg8 32. Kf2 h5 33. Ne3 Ne7 34. Rb2 a5 35.
Rc1 cxb4 36. axb4 Bd7 37. Ra1 Ra8 38. Rba2 Ra6 39. Bf1 Ra7 40. bxa5 Rga8 41. a6
Bc8 42. Rb2 Rb8 43. Rab1 Bxa6 44. Rxb6 Rxb6 45. Rxb6 Nc8 46. Rc6 Bb7 47. Rc7
Ba6 48. Rxa7 Nxa7 49. Be2 Kg6 50. Ng2 Nc8 51. Ke3 Nb6 52. Kd4 Na4 53. Nh4+ Kf6
54. Bxh5 Nc5 55. Be2 Nb3+ 56. Kc3 Nc1 57. Bd1 e3 58. Ng2 e2 59. Bc2 Na2+ 60.
Kb3 Nc1+ 61. Kb2 Na2 62. Kxa2 Bxc4+ 63. Bb3 Bd3 64. Kb2 Be4 65. Ne1 Kg6 66. Kc3
Kh5 67. Kd2 Kg4 68. Kxe2 Kh3 69. Kf2 Kxh2 70. Nf3+ Kh1 71. Ng5 Bxd5 72. Bxd5+
1-0

[Event "Moscow-Open 2021_A"]
[Site "Moscow"]
[Date "2021.02.21"]
[Round "2.79"]
[White "Bogov, Khetag"]
[Black "Kuznetsov, Ivan V."]
[Result "0-1"]
[WhiteElo "1263"]
[BlackElo "1831"]
[PlyCount "78"]
[EventDate "2021.02.20"]

1. b3 d5 2. Bb2 Nf6 3. e3 c6 4. Nf3 Bf5 5. d4 e6 6. Bd3 Ne4 7. O-O Nd7 8. a3
Bd6 9. Nbd2 Ndf6 10. Re1 Bg4 11. Be2 Bc7 12. Nf1 Bxf3 13. Bxf3 h5 14. Bxe4 dxe4
15. f3 Qe7 16. c4 O-O-O 17. Qe2 Rh6 18. Bc3 exf3 19. gxf3 g5 20. e4 g4 21. Ne3
gxf3 22. Qxf3 Rg8+ 23. Kh1 Ng4 24. e5 Qh4 25. Re2 f6 26. Be1 Qg5 27. Nxg4 hxg4
28. Qe3 Qg6 29. Bg3 f5 30. d5 Bb6 31. c5 Bc7 32. d6 Bd8 33. d7+ Kb8 34. Rd1 Rh3
35. Qd4 Rgh8 36. Rd3 f4 37. Qxf4 Qxd3 38. Rf2 Qxg3 39. Qxg3 Rxg3 0-1

[Event "Moscow-Open 2021_A"]
[Site "Moscow"]
[Date "2021.02.21"]
[Round "2.80"]
[White "Amirdzhanyan, Vladimir"]
[Black "Khiryaev, Adam"]
[Result "1-0"]
[WhiteElo "1828"]
[BlackElo "1229"]
[PlyCount "101"]
[EventDate "2021.02.20"]

1. Nf3 d5 2. d4 Nf6 3. g3 g6 4. Bg2 Bg7 5. O-O O-O 6. c4 dxc4 7. Nbd2 c5 8.
Nxc4 Be6 9. Nce5 cxd4 10. Nxd4 Bd5 11. Nb3 Bxg2 12. Kxg2 Qd5+ 13. Qxd5 Nxd5 14.
Nd3 Nc6 15. Bd2 Rac8 16. Rfd1 b6 17. Rac1 Rfd8 18. Rc4 Ne5 19. Nxe5 Bxe5 20.
Rxc8 Rxc8 21. Bg5 Nf6 22. Nd4 Kg7 23. Kf3 Rc5 24. Be3 Rc8 25. Rd3 e6 26. Bd2
Nd5 27. e4 Ne7 28. Bc3 Bf6 29. Ke2 Kg8 30. Kd2 Bg7 31. a4 a6 32. f4 h5 33. Ne2
b5 34. axb5 axb5 35. Bxg7 Kxg7 36. Rd7 Nc6 37. Nc3 Rb8 38. e5 Na5 39. Ne4 Nc4+
40. Kc2 Ne3+ 41. Kb3 Ng4 42. h3 Nh6 43. Nd6 Kf8 44. Kb4 Rb6 45. Rd8+ Ke7 46.
Rh8 Rc6 47. Rxh6 Rc2 48. b3 Rg2 49. Ne4 Re2 50. Nf6 Re3 51. Rh8 1-0

[Event "Moscow-Open 2021_A"]
[Site "Moscow"]
[Date "2021.02.22"]
[Round "3.7"]
[White "Naumkin, Igor"]
[Black "Makarian, Rudik"]
[Result "0-1"]
[WhiteElo "2277"]
[BlackElo "2458"]
[PlyCount "60"]
[EventDate "2021.02.20"]

1. d4 Nf6 2. c4 e6 3. Nf3 d5 4. Nc3 Bb4 5. cxd5 exd5 6. Bg5 h6 7. Bh4 c5 8. e3
c4 9. Be2 g5 10. Bg3 Nc6 11. Nd2 O-O 12. O-O Re8 13. a3 Ba5 14. Qc2 Nxd4 15.
exd4 Bxc3 16. Nxc4 Bxd4 17. Nd6 Re6 18. Rad1 Bb6 19. Nc4 Qe8 20. Ne3 d4 21. Bc4
dxe3 22. fxe3 Ng4 23. Rd3 Nxe3 24. Rxe3 Bxe3+ 25. Kh1 Bf4 26. Bxf4 gxf4 27. h3
Rf6 28. Qc3 Qc6 29. Qd4 Bxh3 30. Bd5 Rd8 0-1

[Event "Moscow-Open 2021_A"]
[Site "Moscow"]
[Date "2021.02.22"]
[Round "3.8"]
[White "Gvanceladze, Anna"]
[Black "Zarubitski, Viachaslau"]
[Result "0-1"]
[WhiteElo "2254"]
[BlackElo "2446"]
[PlyCount "95"]
[EventDate "2021.02.20"]

1. d4 Nf6 2. Nf3 g6 3. Nc3 d5 4. Bf4 Bg7 5. Qd2 O-O 6. Bh6 Nbd7 7. h4 Ne4 8.
Nxe4 dxe4 9. Bxg7 Kxg7 10. Ng5 Nf6 11. e3 h6 12. Nh3 e5 13. O-O-O Qe7 14. Qa5
exd4 15. Rxd4 c5 16. Rd2 Bxh3 17. Rxh3 Rad8 18. Be2 b6 19. Qc3 Rxd2 20. Qxd2
Rd8 21. Qc3 Qe6 22. Kb1 Rd6 23. Rh1 Qd7 24. Kc1 Qe6 25. Kb1 Qd5 26. f3 exf3 27.
gxf3 Re6 28. a4 Qe5 29. Qxe5 Rxe5 30. e4 Nh5 31. Rd1 Nf4 32. Bf1 Kf6 33. Rd8
Rh5 34. Bc4 Rxh4 35. Rd7 Rh1+ 36. Ka2 h5 37. Rxf7+ Kg5 38. Rxa7 h4 39. Rh7 h3
40. e5 h2 41. e6 Nh5 42. f4+ Kxf4 43. Bd5 Re1 44. e7 Nf6 45. Rf7 Kf5 46. Bc6 g5
47. Bb7 g4 48. c4 0-1

[Event "Moscow-Open 2021_A"]
[Site "Moscow"]
[Date "2021.02.22"]
[Round "3.9"]
[White "Kukhmazov, Arsen"]
[Black "Mikhailovsky, Vladimir"]
[Result "1-0"]
[WhiteElo "2442"]
[BlackElo "2228"]
[PlyCount "81"]
[EventDate "2021.02.20"]

1. d4 d5 2. c4 e6 3. Nf3 Nf6 4. Nc3 a6 5. cxd5 exd5 6. Bg5 c6 7. e3 Bd6 8. Bd3
Be6 9. Qb3 b5 10. Qc2 Nbd7 11. O-O h6 12. Bf4 Qc7 13. Ne2 O-O 14. Rfc1 Rfc8 15.
a4 b4 16. h3 c5 17. dxc5 Nxc5 18. Nfd4 Qd7 19. Qd1 Rc7 20. Bc2 Rac8 21. Bxd6
Qxd6 22. Nb3 Nfd7 23. Nxc5 Rxc5 24. Bb3 Ne5 25. Rxc5 Qxc5 26. Rc1 Nc4 27. Nd4
Qb6 28. Qe2 Rc5 29. Bd1 a5 30. Qc2 Rc8 31. Nxe6 fxe6 32. Qg6 Rf8 33. Bg4 Rf6
34. Qe8+ Kh7 35. Be2 Rxf2 36. Bd3+ Rf5 37. Bxf5+ exf5 38. b3 Nxe3 39. Rc6 Qb7
40. Qg6+ Kg8 41. Re6 1-0

[Event "Moscow-Open 2021_A"]
[Site "Moscow"]
[Date "2021.02.22"]
[Round "3.10"]
[White "Zhukov, Anton"]
[Black "Lazavik, Denis"]
[Result "1/2-1/2"]
[WhiteElo "2237"]
[BlackElo "2442"]
[PlyCount "96"]
[EventDate "2021.02.20"]

1. e4 e5 2. Nf3 Nc6 3. Bb5 a6 4. Ba4 Nf6 5. O-O Be7 6. Re1 b5 7. Bb3 d6 8. c3
O-O 9. h3 Bb7 10. d4 Re8 11. Ng5 Rf8 12. Nf3 h6 13. Nbd2 Re8 14. d5 Nb8 15. Nf1
Nbd7 16. N3h2 Bf8 17. Ng4 Nxg4 18. Qxg4 Nf6 19. Qe2 g6 20. Rd1 c6 21. a4 cxd5
22. exd5 Qd7 23. Ne3 Bg7 24. Nc2 Nh5 25. axb5 axb5 26. Rxa8 Bxa8 27. Nb4 e4 28.
Qg4 Qxg4 29. hxg4 Nf6 30. g5 hxg5 31. Bxg5 Bb7 32. Bf4 Bf8 33. Ra1 Ra8 34. Rxa8
Bxa8 35. c4 bxc4 36. Bxc4 Nh5 37. Bd2 f5 38. Nc6 Kf7 39. b4 Nf6 40. b5 Nd7 41.
Be3 Ne5 42. Bb3 Ke8 43. b6 Kd7 44. Ba4 Kc8 45. Nxe5 dxe5 46. Bc6 Bb7 47. g3 Be7
48. Be8 Bxd5 1/2-1/2

[Event "Moscow-Open 2021_A"]
[Site "Moscow"]
[Date "2021.02.22"]
[Round "3.11"]
[White "Suleymenov, Alisher"]
[Black "Nikologorsky, Matfei"]
[Result "1-0"]
[WhiteElo "2440"]
[BlackElo "2215"]
[PlyCount "63"]
[EventDate "2021.02.20"]

1. d4 Nf6 2. c4 g6 3. Nc3 d5 4. cxd5 Nxd5 5. e4 Nxc3 6. bxc3 Bg7 7. Nf3 c5 8.
Bb5+ Nc6 9. d5 a6 10. Be2 Bxc3+ 11. Bd2 Bxa1 12. Qxa1 Nd4 13. Nxd4 cxd4 14.
Qxd4 O-O 15. h4 f6 16. h5 g5 17. h6 b5 18. O-O Rb8 19. Qb2 Rf7 20. Bh5 Qf8 21.
e5 Qxh6 22. Bxf7+ Kxf7 23. e6+ Kg8 24. Qa3 Qg7 25. Qg3 Ra8 26. Qc7 a5 27. Bxa5
b4 28. Bxb4 Ba6 29. Re1 g4 30. Qxe7 Qg6 31. d6 g3 32. d7 1-0

[Event "Moscow-Open 2021_A"]
[Site "Moscow"]
[Date "2021.02.22"]
[Round "3.12"]
[White "Khudyakov, Stanislav"]
[Black "Bykov, Egor"]
[Result "0-1"]
[WhiteElo "2196"]
[BlackElo "2436"]
[PlyCount "100"]
[EventDate "2021.02.20"]

1. d4 Nf6 2. Nc3 d5 3. Bf4 a6 4. e3 c5 5. dxc5 e6 6. Na4 Bxc5 7. Nxc5 Qa5+ 8.
c3 Qxc5 9. Nf3 Nc6 10. Ne5 Nd7 11. Nxc6 bxc6 12. Qg4 Kf8 13. Qg3 Qb6 14. O-O-O
f6 15. Bc7 Qb7 16. Rd4 e5 17. Bd6+ Kf7 18. Rb4 Qa7 19. Bd3 g6 20. Rh4 e4 21.
Bc2 h5 22. Bb3 f5 23. Qg5 Nc5 24. Bxc5 Qxc5 25. Rf4 a5 26. Bd1 a4 27. a3 Rb8
28. g4 hxg4 29. Qxg4 Qb6 30. b4 axb3 31. Rg1 b2+ 32. Kb1 c5 33. Qg5 Qf6 34. h4
Qxg5 35. Rxg5 Ba6 36. Bc2 Kf6 37. f3 Bd3 38. Bxd3 exd3 39. Ra4 Rb6 40. Rg2 c4
41. Rb4 Re6 42. a4 Rxh4 43. a5 Rh1+ 44. Kxb2 Re1 45. Ka3 Ra1+ 46. Ra2 Rc1 47.
Rb6 Rxc3+ 48. Kb4 Rb3+ 49. Kc5 Rexb6 50. axb6 c3 0-1

[Event "Moscow-Open 2021_A"]
[Site "Moscow"]
[Date "2021.02.22"]
[Round "3.13"]
[White "Rostovtsev, Dmitry"]
[Black "Savitskiy, Sergey"]
[Result "1-0"]
[WhiteElo "2037"]
[BlackElo "2427"]
[PlyCount "111"]
[EventDate "2021.02.20"]

1. e4 c5 2. Nf3 d6 3. d4 cxd4 4. Nxd4 Nf6 5. Nc3 Nc6 6. Bg5 e6 7. Qd2 a6 8.
O-O-O Bd7 9. f3 Be7 10. Be3 h5 11. Kb1 Qc7 12. Nxc6 Bxc6 13. Ne2 b5 14. Nd4 Bb7
15. Bg5 h4 16. Bd3 Rh5 17. e5 Ne4 18. Bxe4 Bxg5 19. Qe2 Bxe4 20. fxe4 Rh8 21.
exd6 Qxd6 22. Nxb5 Qc5 23. Nd6+ Ke7 24. e5 Rab8 25. Qc4 Qxc4 26. Nxc4 Bf4 27.
Rd4 g5 28. h3 Rb5 29. Re1 Rhb8 30. b3 Rc5 31. c3 Rbb5 32. Rde4 a5 33. Kc2 Rb7
34. Kd3 Rbb5 35. Kc2 Rb7 36. Nb2 Bg3 37. R1e3 Rbc7 38. c4 R5c6 39. Nd3 a4 40.
Kc3 axb3 41. axb3 Ra6 42. Re2 f5 43. exf6+ Kxf6 44. c5 Rd7 45. Nb4 Ra5 46.
Rxe6+ Kf5 47. Nd3 Ra1 48. R6e3 g4 49. hxg4+ Kxg4 50. b4 Kg5 51. Kc4 Ra8 52. c6
Rf7 53. Nc5 Kh5 54. b5 Bd6 55. Re6 Bc7 56. Re7 1-0

[Event "Moscow-Open 2021_A"]
[Site "Moscow"]
[Date "2021.02.22"]
[Round "3.14"]
[White "Bocharov, Ivan"]
[Black "Indzhiev, Aldar"]
[Result "1-0"]
[WhiteElo "2568"]
[BlackElo "2109"]
[PlyCount "113"]
[EventDate "2021.02.20"]

1. e4 c6 2. d4 d5 3. exd5 cxd5 4. Bd3 Nc6 5. c3 Nf6 6. Bf4 g6 7. h3 Bf5 8. Be2
Bg7 9. Nf3 O-O 10. Nbd2 a6 11. a4 Ne4 12. O-O h6 13. Re1 g5 14. Bh2 e6 15. Nb3
Na5 16. Nfd2 Nxd2 17. Nxd2 b6 18. Nf1 Qd7 19. Ng3 Bg6 20. Nh5 Bxh5 21. Bxh5 Nc4
22. Ra2 Ra7 23. Be2 Rc8 24. Bd3 b5 25. f4 b4 26. fxg5 hxg5 27. b3 Na5 28. cxb4
Nc6 29. Be5 Nxb4 30. Rf2 Nxd3 31. Qxd3 Qe7 32. Bxg7 Kxg7 33. Qg3 Rac7 34. Qe5+
Kg6 35. Ref1 f5 36. Re2 Kf7 37. Rxf5+ exf5 38. Qxd5+ Kf6 39. Rxe7 Rxe7 40. b4
Rc1+ 41. Kh2 Ree1 42. Qd8+ Kg6 43. Qb6+ Kf7 44. Qb7+ Kf8 45. Kg3 Rf1 46. Qa8+
Kf7 47. Qd5+ Kf6 48. Qe5+ Kf7 49. Qd5+ Kf6 50. Qd8+ Kg6 51. Qg8+ Kh6 52. Qh8+
Kg6 53. d5 Rce1 54. d6 Re3+ 55. Kh2 Ree1 56. d7 f4 57. Qe8+ 1-0

[Event "Moscow-Open 2021_A"]
[Site "Moscow"]
[Date "2021.02.22"]
[Round "3.15"]
[White "Lobanov, Sergei"]
[Black "Babakekhyan, Artem"]
[Result "1-0"]
[WhiteElo "2516"]
[BlackElo "2181"]
[PlyCount "61"]
[EventDate "2021.02.20"]

1. e4 c5 2. Nf3 d6 3. d4 cxd4 4. Nxd4 Nf6 5. Nc3 g6 6. Be3 Bg7 7. f3 O-O 8. Qd2
Nc6 9. O-O-O Nxd4 10. Bxd4 Be6 11. Kb1 Qc7 12. h4 Rfc8 13. h5 Qa5 14. hxg6 hxg6
15. a3 Rab8 16. Bd3 Bc4 17. Bxc4 Rxc4 18. Qf2 Rbc8 19. Rd3 Kf8 20. Re1 b5 21.
e5 Nd7 22. f4 Nc5 23. Bxc5 R8xc5 24. exd6 exd6 25. Rde3 Bd4 26. Re8+ Kg7 27.
Qh4 Rh5 28. Qe7 Rxc3 29. Qf8+ Kh7 30. Qxf7+ Kh6 31. R8e7 1-0